000 02606nkm a2200493 c 4500
999 _c209150
_d209150
003 BLK
005 20210215092317.0
008 180412b bul rap|r|||| r0| ||bulo|
010 _aKNG00094717000
020 _a978-954-8852-06-7
040 _aBLK
041 _aBUL
_cBUL
_hENG
080 _aЖивопис - художници
_b75.071.1
_x(497.2)(092)(084)
_z75.071.1(497.2)(092)(084)
080 _aБългарски художник-живописец (1960-
_b929 Йорданов, Георги
_z929 Йорданов, Георги
139 _aЙорданов, Георги
_bИ 83
245 1 0 _aГеорги Йорданов
_c Георги Йорданов; текст Краси Алексиева; състав. Краси Алексиева; състав. Сим Алексиев; прев. на англ. Радослава Сенгалевич.
246 1 1 _aGeorgy Yordanov
257 _aBGR
260 _bРакурси
_c2008
300 _a72 с.
_bс цв. ил.
_c30 см
380 _a7
500 _aИзд. на Галерия Възраждане. - Пълното име на авт. е Георги Йорданов Георгиев ; Първата състав. е известна като Красимира Тодорова Алексиева ; Сим Алексиев - псевд. на състав. Симеон Симеонов Алексиев.
600 1 4 _aЙорданов, Георги
_9369522
650 4 _aЙорданов, Георги
_9369522
650 4 _aЖивопис, българска - албуми
_9296053
650 4 _aХудожници, български - албуми
_9290224
650 4 _aБългария - изобразителни изкуства
_9280117
651 4 _aБългария
_9241624
653 _aбългарски художници
653 _aживописци
653 _aалбуми
653 _aГеорги Йорданов
700 1 _aЙорданов, Георги
_9369522
700 1 _aАлексиева, Краси
_eтекст
_9387027
700 1 _aАлексиева, Краси
_eсъстав.
_9387027
700 1 _aАлексиев, Сим
_eсъстав.
_9383719
700 1 _aСенгалевич, Радослава
_eпрев. на англ.
_9387026
720 _aText Krassi Aleksieva ; Comp. Krassi Aleksieva, Sim Aleksiev ; Transl. Radoslava Sengalevich
_eпаралелен автор
852 _a120000742593
856 4 _qpdf
_u
856 4 _qpdf
_u
942 _cGRA
_n0
_s1
944 _aCR
_c04.03.2010
_lф /
_kВаля_Йорданова
944 _aED
_c23.01.2017
_lф /
_kЛюдмила_Стоянова
999 _d209150